Designing subnational institutions: regional and municipal reforms in postauthoritarian Chile (Record no. 60739)

000 -LEADER
fixed length control field 01620pab a2200169 454500
008 - FIXED-LENGTH DATA ELEMENTS--GENERAL INFORMATION
fixed length control field 180718b2004 xxu||||| |||| 00| 0 eng d
100 ## - MAIN ENTRY--PERSONAL NAME
Personal name Eaton, Kent
245 ## - TITLE STATEMENT
Title Designing subnational institutions: regional and municipal reforms in postauthoritarian Chile
260 ## - PUBLICATION, DISTRIBUTION, ETC.
Date of publication, distribution, etc. 2004
300 ## - PHYSICAL DESCRIPTION
Extent p.218-44.
362 ## - DATES OF PUBLICATION AND/OR SEQUENTIAL DESIGNATION
Dates of publication and/or sequential designation Mar
520 ## - SUMMARY, ETC.
Summary, etc. This article conceptualizes decentralization as a change in the institutional rules that divide political authority and governing capacity between levels of government. By emphasizing the institutional and historical institutionalism, can generate analytical leverage on the contemporary trend of decentralization. In the Chilean case, rationalist perspectives illuminate the country's continued status as one of Latin America's most centralized politics. Comparatively weak subnational institutions directly reflect the strategic design considerations of national politicians. However, concepts central to historical institutionalism, including critical junctures and unanticipated consequences, explain how and why decentralization gained stream in the postauthoritarian period. Specifically, Child's shift to more decentralised institutions is the legacy of Pinochet-era reforms of subnational government, sequencing patterns that developed governing capacity before political authority, and the emergence of new organizational actors who have struggled to decentralize Child against the opposition of powerful national politicians. - Reproduced.
650 ## - SUBJECT ADDED ENTRY--TOPICAL TERM
Topical term or geographic name entry element Local government - Chile
650 ## - SUBJECT ADDED ENTRY--TOPICAL TERM
Topical term or geographic name entry element Local government
773 ## - HOST ITEM ENTRY
Main entry heading Comparative Political Studies
909 ## -
-- 60739
Holdings
Withdrawn status Lost status Damaged status Not for loan Permanent Location Current Location Date acquired Serial Enumeration / chronology Barcode Date last seen Price effective from Koha item type
        Indian Institute of Public Administration Indian Institute of Public Administration 2018-07-19 Volume no: 37, Issue no: 2 AR61185 2018-07-19 2018-07-19 Articles

Powered by Koha